<?xml version="1.0" encoding="UTF-8"?>
<record
    xmlns:xsi="http://www.w3.org/2001/XMLSchema-instance"
    xsi:schemaLocation="http://www.loc.gov/MARC21/slim http://www.loc.gov/standards/marcxml/schema/MARC21slim.xsd"
    xmlns="http://www.loc.gov/MARC21/slim">

  <leader>00617nam a2200217 a 4500</leader>
  <controlfield tag="001">00008892</controlfield>
  <controlfield tag="008">110328s2000    maua   g      000 0 eng d</controlfield>
  <datafield tag="020" ind1=" " ind2=" ">
    <subfield code="a">0072299037</subfield>
  </datafield>
  <datafield tag="040" ind1=" " ind2=" ">
    <subfield code="a">BD-Dh-IUB</subfield>
    <subfield code="c">BD-Dh-IUB</subfield>
  </datafield>
  <datafield tag="082" ind1="0" ind2="4">
    <subfield code="a">657</subfield>
    <subfield code="2">19</subfield>
  </datafield>
  <datafield tag="100" ind1="1" ind2=" ">
    <subfield code="a">Edmonds, Thomas P [et...al]</subfield>
  </datafield>
  <datafield tag="245" ind1="0" ind2="0">
    <subfield code="a">Fundamental Financial Accounting Concepts  /</subfield>
    <subfield code="c">Thomas P [et...al] Edmonds </subfield>
  </datafield>
  <datafield tag="250" ind1=" " ind2=" ">
    <subfield code="a">3rd ed.</subfield>
  </datafield>
  <datafield tag="260" ind1=" " ind2=" ">
    <subfield code="a">Boston :</subfield>
    <subfield code="b">Irwin\McGraw-Hill,</subfield>
    <subfield code="c">2000.</subfield>
  </datafield>
  <datafield tag="300" ind1=" " ind2=" ">
    <subfield code="a">xxx,657p. :</subfield>
    <subfield code="b">illus ;</subfield>
    <subfield code="c">26cm.</subfield>
  </datafield>
  <datafield tag="520" ind1="0" ind2=" ">
    <subfield code="a">Business</subfield>
  </datafield>
  <datafield tag="556" ind1=" " ind2=" ">
    <subfield code="a">07\07\03</subfield>
  </datafield>
  <datafield tag="650" ind1="1" ind2="7">
    <subfield code="a">Accounting</subfield>
    <subfield code="2">Spines</subfield>
  </datafield>
  <datafield tag="999" ind1=" " ind2=" ">
    <subfield code="c">2010</subfield>
    <subfield code="d">2010</subfield>
  </datafield>
  <datafield tag="526" ind1=" " ind2=" ">
    <subfield code="b">acc</subfield>
  </datafield>
  <datafield tag="952" ind1=" " ind2=" ">
    <subfield code="0">0</subfield>
    <subfield code="1">0</subfield>
    <subfield code="2">ddc</subfield>
    <subfield code="4">0</subfield>
    <subfield code="7">0</subfield>
    <subfield code="a">IUBL</subfield>
    <subfield code="b">IUBL</subfield>
    <subfield code="c">GEN</subfield>
    <subfield code="d">2011-04-21</subfield>
    <subfield code="e">TheAsia Foundation</subfield>
    <subfield code="l">0</subfield>
    <subfield code="o">657 F981</subfield>
    <subfield code="p">011641</subfield>
    <subfield code="r">2011-05-16 00:00:00</subfield>
    <subfield code="t">1</subfield>
    <subfield code="w">2011-05-16</subfield>
    <subfield code="y">BK</subfield>
  </datafield>
  <datafield tag="952" ind1=" " ind2=" ">
    <subfield code="0">0</subfield>
    <subfield code="1">0</subfield>
    <subfield code="2">ddc</subfield>
    <subfield code="4">0</subfield>
    <subfield code="7">0</subfield>
    <subfield code="a">IUBL</subfield>
    <subfield code="b">IUBL</subfield>
    <subfield code="c">GEN</subfield>
    <subfield code="d">2011-04-21</subfield>
    <subfield code="e">TheAsia Foundation</subfield>
    <subfield code="l">0</subfield>
    <subfield code="o">657 F981</subfield>
    <subfield code="p">011642</subfield>
    <subfield code="r">2011-05-16 00:00:00</subfield>
    <subfield code="t">2</subfield>
    <subfield code="w">2011-05-16</subfield>
    <subfield code="y">BK</subfield>
  </datafield>
</record>
